000 00927nam a2200241Ia 4500
005 20260629163254.0
008 260629s9999||||xx |||||||||||||| ||und||
020 _a9780801476075
_qpbk
082 _a809.93358
_bJAY
100 _aJay, Paul
245 0 _aGlobal matters : the transnational turn in literary studies
260 _aNew York
_bCornell University Press
_c2010
300 _axi, 231p. ; 23c,.
653 _aCommonwealth fiction (English)--History and criticism
653 _aComparative literature--American and Commonwealth (English)
653 _aComparative literature--Commonwealth (English) and American
653 _aComparative literature--Commonwealth (English) and English
653 _aComparative literature--English and Commonwealth (English)
653 _aGlobalization in literature
653 _aMulticulturalism in literature
653 _aTransnationalism in literature
942 _cBK
999 _c57315
_d57315